The freedom of speech for members of parliament in Tanzania : (Record no. 7257)

MARC details
000 -LEADER
fixed length control field 01127cam a22002774a 4500
001 - CONTROL NUMBER
control field 15832070
005 - DATE AND TIME OF LATEST TRANSACTION
control field 20230929095818.0
008 - FIXED-LENGTH DATA ELEMENTS--GENERAL INFORMATION
fixed length control field 090724s2009 ke b 000 0 eng
010 ## - LIBRARY OF CONGRESS CONTROL NUMBER
LC control number 2009349821
020 ## - INTERNATIONAL STANDARD BOOK NUMBER
International Standard Book Number 9966723730
040 ## - CATALOGING SOURCE
Original cataloging agency DLC
Transcribing agency DLC
042 ## - AUTHENTICATION CODE
Authentication code lcode
043 ## - GEOGRAPHIC AREA CODE
Geographic area code f-tz---
050 00 - LIBRARY OF CONGRESS CALL NUMBER
Classification number KTT211.3
Item number .J47 2009
100 1# - MAIN ENTRY--PERSONAL NAME
Personal name Jesse, James E. M. C.
245 14 - TITLE STATEMENT
Title The freedom of speech for members of parliament in Tanzania :
Remainder of title an appraisal of law and practice in light of international human rights law and best practices /
Statement of responsibility, etc James E.M.C. Jesse.
260 ## - PUBLICATION, DISTRIBUTION, ETC. (IMPRINT)
Place of publication, distribution, etc Nairobi, Kenya :
Name of publisher, distributor, etc LawAfrica Pub.,
Date of publication, distribution, etc c2009.
300 ## - PHYSICAL DESCRIPTION
Extent xvi, 94 p. ;
Dimensions 21 cm.
504 ## - BIBLIOGRAPHY, ETC. NOTE
Bibliography, etc Includes bibliographical references (p. [91]-94).
650 #0 - SUBJECT ADDED ENTRY--TOPICAL TERM
Topical term or geographic name as entry element Freedom of speech
Geographic subdivision Tanzania.
650 #0 - SUBJECT ADDED ENTRY--TOPICAL TERM
Topical term or geographic name as entry element Legislators
Geographic subdivision Tanzania.
906 ## - LOCAL DATA ELEMENT F, LDF (RLIN)
a 7
b cbc
c origode
d 2
e ncip
f 20
g y-gencatlg
925 0# -
-- acquire
-- 1 shelf copy
-- policy default
955 ## - COPY-LEVEL INFORMATION (RLIN)
-- xg14 2010-01-05
-- xg18 2010-01-20 to BCCD
985 ## -
-- ODE-nb

No items available.

African Court on Human and Peoples' Rights | For Inquiries Contact » +255 272 510 510